000 00867nam a22002297a 4500
999 _c15849
_d15849
003 MIRAKIL
005 20240401134547.0
008 240401b tu ||||| |||| 00| 0 tur d
020 _a9789751628374
040 _aTR-AnCHP
_cTR-AnCHP
041 _atur
082 _a423
_bM23d 2020
100 1 _aKaşgarlı Mahmud
245 1 0 _aDîvânu lugâti't-Türk :
_bgiriş-metin-çeviri-notlar-dizin /
_cKâşgarlı Mahmud ; hazırlayanlar: Ahmet B. Ercilasun, Ziyat Akkoyunlu.
260 _aAnkara :
_bTürk Dil Kurumu,
_c2014.
300 _acxix, 995 s. ;
_c27 cm.
490 0 _aAtatürk Kültür Dil ve Tarih Yüksek Kurumu Türk Dil Kurumu yayınları ;
_v1120.
504 _aKaynakça: lxxxvi-xcii. ss.
650 0 _97744
_aDivanu Lügati't-Türk
856 _zDijital Nüshası için Partimizin Kütüphane Sorumlusu ile iletişime geçiniz.
942 _2ddc
_cBKS